Mapovanie vedecko - technologických parkov na Slovensku v Českej republike a vo Fínsku
Zmapovanie stavu a fungovanie vedecko-technologických parkov (VTP) pomocou zvolených ukazovateľov vo vybraných krajinách, ktorými sú Slovensko, Česká republika a Fínsko.
Gespeichert in:
| 1. Verfasser: | |
|---|---|
| Weitere Verfasser: | |
| Format: | Buchkapitel |
| Sprache: | Slowakisch |
| Schlagworte: | |
| Tags: |
Keine Tags, Fügen Sie das erste Tag hinzu!
|
MARC
| LEADER | 00000nla a2200000 4500 | ||
|---|---|---|---|
| 001 | 0180114 | ||
| 005 | 20240502083423.7 | ||
| 041 | 0 | |a slo | |
| 044 | |a CZ | ||
| 245 | 1 | 0 | |a Mapovanie vedecko - technologických parkov na Slovensku v Českej republike a vo Fínsku |c Magdaléna Freňáková, Mária Riznárová |
| 520 | |a Zmapovanie stavu a fungovanie vedecko-technologických parkov (VTP) pomocou zvolených ukazovateľov vo vybraných krajinách, ktorými sú Slovensko, Česká republika a Fínsko. | ||
| 610 | 2 | 0 | |a parky vedeckotechnické |
| 610 | 2 | 0 | |a rozvoj vedeckotechnický |
| 610 | 2 | 0 | |a technológie nové |
| 610 | 2 | 0 | |a Slovensko |
| 610 | 2 | 0 | |a Česko |
| 610 | 2 | 0 | |a Fínsko |
| 100 | 1 | |a Freňáková, Magdaléna, 1981- | |
| 700 | 1 | |a Riznárová, Mária | |